000 02211nam0a22002651 4500
001 rc\3721237
005 20250610103641.0
021 _aRU
_b[71-42179]
035 _a(NLR Aleph) 007861701
090 _a7801419
_c7801419
100 _a20130115d1971 |||y0rusy50 ca
101 0 _arus
102 _aRU
105 _ay z |||||
200 1 _aРешение Семинара по теме "Автоматизация дальней телефонной связи энергетических объектов с диспетчерскими управлениями энергосистем на базе внедрения новой коммутационной аппаратуры и устройств дальнего набора". [28-30 декабря 1970 г.]
_fВДНХ СССР. М-во энергетики и электрификации СССР. Центр. правл. НТО энергетики и электротехн. пром-сти
210 _aМосква
_cСпециализир. центр науч.-техн. информации [Оргрэс]
_d1971
215 _a12 с.
_d19
532 1 3 _aРешение Семинара по теме Автоматизация дальней телефонной связи энергетических объектов с диспетчерскими управлениями энергосистем на базе внедрения новой коммутационной аппаратуры и устройств дальнего набора. [28-30 декабря 1970 г.]
606 _aЭнергетические системы
_xТелефонная связь
_xАвтоматизация
_2psbo
710 1 2 _aСеминар по теме "Автоматизация дальней телефонной связи энергетических объектов с диспетчерскими управлениями энергосистем на базе внедрения новой коммутационной аппаратуры и устройств дальнего набора" (1970; Москва)
801 0 _aRU
_bNLR
_gpsbo
801 1 _aRU
_bELAR
_2rusmarc
852 _aNLR
_j71-4/9604
942 _cBOOK
980 _aNB